| 000 | 00470nam a2200193Ia 4500 | ||
|---|---|---|---|
| 005 | 20250603144624.0 | ||
| 008 | 250603s9999 xx 000 0 und d | ||
| 020 | _a9780061561610 | ||
| 050 | _aHX 86 .S3/ | ||
| 100 | _aSchumpeter, Joseph A. | ||
| 245 | 0 | _aCapitalism, socialism and democracy | |
| 250 | _a3rd ed. | ||
| 260 | _aNew York | ||
| 260 | _bHarper perennial modern thought | ||
| 260 | _c2008 | ||
| 300 | _a431 p | ||
| 650 | _aNew York | ||
| 942 | _cBK | ||
| 999 |
_c39462 _d39462 |
||